| 000 | 00928cam a2200265 4500 | ||
|---|---|---|---|
| 008 | 090401t1996 xxu||||| |||| 00| 0 eng d | ||
| 020 | _a0750627972 | ||
| 035 | _a(Sirsi) u3925 | ||
| 041 | _aeng | ||
| 050 | _a692.5 | ||
| 100 | _aGeddes, Spence | ||
| 245 | _aEstimating for building and civil engineering works | ||
| 250 | _a9th edition | ||
| 260 |
_aOxford _bButterworth Heinemann _c1996 |
||
| 300 | _avi, 313p. ; 24cm. | ||
| 350 | _a29.5 | ||
| 520 | _aDeals with many of the estimating problems which can arise where building and civil engineering works are carried out and to include comprehensive estimating data within the guidelines of good practice. | ||
| 650 | _aBUILT ENVIRONMENT-BUILDING CONTRACT FORMS | ||
| 650 | _aBUILT ENVIRONMENT-BUILDING COSTS | ||
| 650 | _aESTIMATING | ||
| 690 | _aBUILT ENVIRONMENT-BUILDING COSTS | ||
| 700 |
_aJohn Williams, _xEditor |
||
| 942 | _n0 | ||
| 948 | _c04/03/1997 | ||
| 999 |
_c85971 _d85971 |
||